[Event "41st Guernsey International Open"]
[Site "Guernsey, GCI"]
[Date "2015.10.19"]
[Round "2"]
[White "Van Den Boogaart, Jan Maarten"]
[Black "Bakker, Joop"]
[Result "1-0"]
[WhiteElo "1980"]
[BlackElo "1899"]
[PlyCount "57"]
[EventDate "2015.10.18"]
[EventType "swiss"]
[EventRounds "7"]

1. e4 g6 2. d4 Bg7 3. Nf3 c6 4. c4 d5 5. cxd5 cxd5 6. e5 Nh6 7. Nc3 f6 8. exf6
exf6 9. Qb3 Nc6 10. Qxd5 Qe7+ 11. Be2 Nb4 12. Qb3 Bf5 13. O-O Nc2 14. Bf4 Nxa1
15. Rxa1 Kf8 16. Re1 Re8 17. Kf1 Qf7 18. Bd6+ Kg8 19. Bc4 Bd3+ 20. Bxd3 Rxe1+
21. Kxe1 Qxb3 22. axb3 Kf7 23. Bc4+ Ke8 24. d5 Kd7 25. Ba3 a6 26. Nd4 Nf7 27.
Ne6 Bh6 28. f4 Re8 29. Ne4 1-0

[Event "41st Guernsey International Open"]
[Site "Guernsey, GCI"]
[Date "2015.10.19"]
[Round "2"]
[White "Petersons, Ojars"]
[Black "Kirby, Peter J"]
[Result "0-1"]
[WhiteElo "1827"]
[BlackElo "1977"]
[PlyCount "116"]
[EventDate "2015.10.18"]
[EventType "swiss"]
[EventRounds "7"]

1. d4 Nf6 2. Nf3 g6 3. Nbd2 d5 4. e3 Bg7 5. b4 a5 6. b5 O-O 7. c4 c5 8. Be2
cxd4 9. exd4 dxc4 10. Bxc4 Nbd7 11. Ba3 Nb6 12. O-O Nxc4 13. Nxc4 Be6 14. Nce5
Re8 15. Bc5 Nd7 16. a4 Nxc5 17. dxc5 Qc7 18. Re1 Rad8 19. Qc1 Rd5 20. Qe3 Qxc5
21. Qxc5 Rxc5 22. Rad1 Bb3 23. Nd7 Rd5 24. Rxd5 Bxd5 25. Rc1 Rd8 26. Nb6 Bb3
27. Kf1 Rd1+ 28. Rxd1 Bxd1 29. Nd2 Bd4 30. Ndc4 e5 31. f3 f5 32. Ke1 Bb3 33.
Kd2 Bxc4 34. Nxc4 b6 35. Kd3 Kf7 36. f4 Ke6 37. fxe5 Bg1 38. h3 Kd5 39. Nd2 Bc5
40. Nf3 Bf2 41. g4 fxg4 42. hxg4 h5 43. gxh5 gxh5 44. e6 Kxe6 45. Ke4 h4 46.
Ng5+ Kd6 47. Kd3 Kd5 48. Nh3 Bg3 49. Ng1 Kc5 50. Kc3 Bf2 51. Nh3 Be1+ 52. Kb3
Kd4 53. Ng5 Kd3 54. Nh3 Ke4 55. Kc2 Kf3 56. Kd1 Bb4 57. Ng5+ Kg2 58. Ke2 h3 0-1

[Event "41st Guernsey International Open"]
[Site "Guernsey, GCI"]
[Date "2015.10.19"]
[Round "2"]
[White "Plug, Arjan"]
[Black "Canonne, Antoine"]
[Result "0-1"]
[WhiteElo "1824"]
[BlackElo "1967"]
[PlyCount "44"]
[EventDate "2015.10.18"]
[EventType "swiss"]
[EventRounds "7"]

1. e4 c5 2. Nf3 e6 3. d3 Nc6 4. g3 d5 5. Qe2 Nd4 6. Nxd4 cxd4 7. Bg2 Nf6 8. O-O
Be7 9. Nd2 O-O 10. Re1 dxe4 11. Nxe4 e5 12. f4 exf4 13. Bxf4 Nd5 14. c4 Nxf4
15. gxf4 a5 16. a3 Ra6 17. Rab1 Rg6 18. b4 axb4 19. axb4 Bh4 20. Nf2 Bxf2+ 21.
Kxf2 Qh4+ 22. Kf1 Qxh2 0-1

[Event "41st Guernsey International Open"]
[Site "Guernsey, GCI"]
[Date "2015.10.19"]
[Round "2"]
[White "Morcom, Huw"]
[Black "Ippel, Cornelius J"]
[Result "1-0"]
[WhiteElo "1966"]
[BlackElo "1807"]
[PlyCount "101"]
[EventDate "2015.10.18"]
[EventType "swiss"]
[EventRounds "7"]

1. e4 e6 2. d4 d5 3. e5 c5 4. c3 Nc6 5. a3 Qb6 6. Nf3 Bd7 7. Be2 Rc8 8. O-O
cxd4 9. cxd4 Nge7 10. Nc3 Nf5 11. Na4 Qd8 12. b4 b6 13. Bb2 Be7 14. Nc3 O-O 15.
Bd3 Be8 16. Bxf5 exf5 17. Qb3 Bd7 18. Nxd5 Be6 19. Nxe7+ Nxe7 20. Qd1 Nd5 21.
Rc1 Qe7 22. Qd2 f4 23. Rxc8 Rxc8 24. Rc1 Rxc1+ 25. Qxc1 g5 26. Nd2 h5 27. Ne4
Bf5 28. Nf6+ Nxf6 29. exf6 Qxf6 30. d5 Qe7 31. Qc3 f6 32. h3 Kf7 33. Qd4 Qd6
34. h4 g4 35. Bc1 f3 36. Bf4 Qe7 37. Qe3 fxg2 38. Qxe7+ Kxe7 39. d6+ Ke6 40.
Kxg2 Be4+ 41. Kf1 Bc6 42. Ke2 f5 43. Kd3 Kd5 44. Bg3 Bb5+ 45. Ke3 Kc4 46. Kf4
Bd7 47. Kg5 Kb3 48. Kxh5 Kxa3 49. Kg5 Kxb4 50. h5 a5 51. h6 1-0

[Event "41st Guernsey International Open"]
[Site "Guernsey, GCI"]
[Date "2015.10.20"]
[Round "3"]
[White "Hewson, Brian WR"]
[Black "Hebden, Mark"]
[Result "0-1"]
[WhiteElo "2059"]
[BlackElo "2490"]
[PlyCount "68"]
[EventDate "2015.10.18"]
[EventType "swiss"]
[EventRounds "7"]

1. c4 g6 2. Nc3 Bg7 3. g3 Nf6 4. Bg2 O-O 5. d3 d6 6. Bd2 Nc6 7. Rb1 a5 8. a3 e6
9. Nf3 d5 10. cxd5 exd5 11. O-O d4 12. Nb5 a4 13. b3 axb3 14. Qxb3 Be6 15. Qc2
h6 16. Rfc1 Re8 17. Be1 Bd5 18. Kf1 Qd7 19. a4 Re7 20. Rb2 Rae8 21. Qd1 Ng4 22.
Kg1 h5 23. Nh4 Bxg2 24. Nxg2 Bh6 25. Rcc2 Nge5 26. Bb4 Qh3 27. Ne1 Ng4 28. Nf3
Be3 29. Be1 Nce5 30. Rxc7 Nxf3+ 31. exf3 Qxh2+ 32. Kf1 Qh1+ 33. Ke2 Bc1+ 34.
Rxe7 Rxe7# 0-1

[Event "41st Guernsey International Open"]
[Site "Guernsey, GCI"]
[Date "2015.10.20"]
[Round "3"]
[White "Cherniaev, Alexander"]
[Black "Oehne, Timo"]
[Result "1-0"]
[WhiteElo "2458"]
[BlackElo "2010"]
[PlyCount "53"]
[EventDate "2015.10.18"]
[EventType "swiss"]
[EventRounds "7"]

1. d4 g6 2. c4 Bg7 3. Nc3 Nf6 4. g3 c6 5. e4 d5 6. cxd5 cxd5 7. e5 Ne4 8. Bg2
Nxc3 9. bxc3 O-O 10. Ne2 Nc6 11. h4 Bg4 12. h5 f6 13. f3 Bxh5 14. exf6 Bxf6 15.
g4 Bxg4 16. fxg4 e5 17. O-O exd4 18. Nxd4 Nxd4 19. cxd4 Qb6 20. Be3 Qe6 21. Qb3
Rad8 22. g5 Be7 23. Rxf8+ Kxf8 24. Rf1+ Kg8 25. Bf4 b6 26. Qh3 Qc6 27. Rc1 1-0

[Event "41st Guernsey International Open"]
[Site "Guernsey, GCI"]
[Date "2015.10.20"]
[Round "3"]
[White "Shaw, Meyrick"]
[Black "Petrov, Marian"]
[Result "0-1"]
[WhiteElo "2003"]
[BlackElo "2462"]
[PlyCount "50"]
[EventDate "2015.10.18"]
[EventType "swiss"]
[EventRounds "7"]

1. d4 g6 2. e4 Bg7 3. Nf3 d6 4. Bc4 Nf6 5. e5 dxe5 6. Nxe5 O-O 7. Bg5 c5 8. c3
cxd4 9. cxd4 Ne4 10. Be3 Qa5+ 11. Nd2 Bxe5 12. b4 Qxb4 13. Rb1 Nc3 14. Rxb4
Nxd1 15. Kxd1 Nc6 16. Ra4 Bxd4 17. Ke2 Rd8 18. Rb1 a6 19. Nf3 Bxe3 20. fxe3 Bd7
21. Rxb7 Nd4+ 22. exd4 Bxa4 23. Rxe7 Bb5 24. Kd3 Rdc8 25. Ne5 Rxc4 0-1

[Event "41st Guernsey International Open"]
[Site "Guernsey, GCI"]
[Date "2015.10.20"]
[Round "3"]
[White "Pleasants, Allan J"]
[Black "Drenchev, Petar"]
[Result "0-1"]
[WhiteElo "2061"]
[BlackElo "2465"]
[PlyCount "88"]
[EventDate "2015.10.18"]
[EventType "swiss"]
[EventRounds "7"]

1. e4 d5 2. exd5 Qxd5 3. Nc3 Qd6 4. d4 Nf6 5. h3 g6 6. Nf3 Bg7 7. Bc4 O-O 8.
O-O a6 9. a4 Nbd7 10. Re1 c5 11. Be3 cxd4 12. Qxd4 Qc6 13. Bb3 e6 14. Qc4 Qxc4
15. Bxc4 b6 16. Rad1 Bb7 17. Be2 Rfc8 18. Rd2 Nc5 19. Rd6 Nfd7 20. Bxc5 Nxc5
21. Rxb6 Rab8 22. Nd2 Bc6 23. a5 Rxb6 24. axb6 Rb8 25. Nc4 Bxc3 26. bxc3 Bb5
27. Bf1 Bxc4 28. Bxc4 Rxb6 29. Ra1 Kf8 30. Ra5 Rc6 31. Kf1 Ke7 32. Ke2 Kd6 33.
Ke3 g5 34. f4 h6 35. fxg5 hxg5 36. g3 Rc8 37. h4 gxh4 38. gxh4 Rh8 39. h5 Rxh5
40. Bxa6 Rh3+ 41. Kd4 Rh4+ 42. Ke3 f5 43. Bd3 Rh3+ 44. Kd4 Rxd3+ 0-1

[Event "41st Guernsey International Open"]
[Site "Guernsey, GCI"]
[Date "2015.10.20"]
[Round "3"]
[White "Kraft, Karl Heinz"]
[Black "Koop, Thorben"]
[Result "0-1"]
[WhiteElo "2015"]
[BlackElo "2407"]
[PlyCount "124"]
[EventDate "2015.10.18"]
[EventType "swiss"]
[EventRounds "7"]

1. e4 d6 2. d4 Nf6 3. Nc3 e5 4. dxe5 dxe5 5. Qxd8+ Kxd8 6. Bc4 Be6 7. Bxe6 fxe6
8. Be3 Bd6 9. f3 Ke7 10. Nge2 Nbd7 11. Nc1 Rhg8 12. h4 Nh5 13. Kf2 h6 14. Nd3
a6 15. Ne2 Raf8 16. Rad1 b5 17. Rc1 Nf4 18. Bxf4 exf4 19. h5 g5 20. hxg6 Rxg6
21. Rh4 e5 22. g4 c5 23. c4 bxc4 24. Rxc4 Nb6 25. Rc2 c4 26. Ndc1 Bc5+ 27. Kg2
Rh8 28. Rh5 Rg5 29. Rxg5 hxg5 30. b3 Rc8 31. bxc4 Bd6 32. c5 Rxc5 33. Rxc5 Bxc5
34. Nd3 Bd6 35. Nc3 Ke6 36. Kf2 a5 37. Ke2 Kd7 38. Nd5 Kc6 39. Nxb6 Kxb6 40.
Kd2 Kb5 41. Kc3 Bb4+ 42. Kc2 Bd6 43. Kb3 a4+ 44. Kc3 Bc7 45. Nb2 Ba5+ 46. Kc2
Kc5 47. Kd3 Kb4 48. Kc2 Bc7 49. Nd1 Kc4 50. Nc3 a3 51. Nd5 Bd8 52. Nc3 Kd4 53.
Nb5+ Ke3 54. Nxa3 Kxf3 55. Kd3 Kxg4 56. Nc4 Kg3 57. Ke2 f3+ 58. Kf1 Kf4 59. a4
g4 60. a5 g3 61. a6 g2+ 62. Kf2 Bh4+ 0-1

[Event "41st Guernsey International Open"]
[Site "Guernsey, GCI"]
[Date "2015.10.20"]
[Round "3"]
[White "Sikkel, Dirk"]
[Black "Corkett, Anthony R"]
[Result "1/2-1/2"]
[WhiteElo "1937"]
[BlackElo "2306"]
[PlyCount "78"]
[EventDate "2015.10.18"]
[EventType "swiss"]
[EventRounds "7"]

1. e4 c5 2. Nf3 Nc6 3. Bb5 a6 4. Bxc6 dxc6 5. O-O Qc7 6. Re1 e5 7. b3 Ne7 8.
Bb2 Ng6 9. d3 Bd6 10. Nbd2 O-O 11. a4 a5 12. Nc4 Re8 13. Qd2 f6 14. Ne3 Bf8 15.
g3 Be6 16. h4 b6 17. Kg2 Rad8 18. Qe2 Qd7 19. Rh1 Bd6 20. h5 Nf8 21. Nh4 Bc7
22. Raf1 b5 23. Nhf5 Bxf5 24. Nxf5 Ne6 25. Rd1 Rb8 26. Bc3 Nd4 27. Bxd4 cxd4
28. Rh4 Kh8 29. Rg4 Rg8 30. Nh4 h6 31. Rg6 bxa4 32. bxa4 Bd6 33. Nf5 Bf8 34.
Qg4 Qf7 35. f4 Rb2 36. Rd2 Qa2 37. Qd1 Bb4 38. Rf2 Rb1 39. Qf3 Qa3 1/2-1/2

[Event "41st Guernsey International Open"]
[Site "Guernsey, GCI"]
[Date "2015.10.20"]
[Round "3"]
[White "Godard, Maxence"]
[Black "Thurlow, Kevin J"]
[Result "1-0"]
[WhiteElo "2327"]
[BlackElo "2016"]
[PlyCount "83"]
[EventDate "2015.10.18"]
[EventType "swiss"]
[EventRounds "7"]

1. e4 c5 2. Nc3 e6 3. g3 Nc6 4. Bg2 Nge7 5. d3 g6 6. Be3 d6 7. Qd2 Nd4 8. Nd1
h5 9. c3 Ndc6 10. Nf3 Bg7 11. O-O Qa5 12. d4 cxd4 13. Nxd4 Nxd4 14. Bxd4 Bxd4
15. Qxd4 Qe5 16. Qd2 h4 17. f4 Qc5+ 18. Ne3 hxg3 19. hxg3 d5 20. Rad1 Bd7 21.
exd5 Nf5 22. Rfe1 O-O-O 23. Qf2 exd5 24. Rxd5 Qb6 25. Nxf5 Qxf2+ 26. Kxf2 Bxf5
27. Rh1 b6 28. b3 Be6 29. Rd4 Kc7 30. Rxh8 Rxh8 31. c4 Rh2 32. Kg1 Rh5 33. b4
b5 34. Bf1 a5 35. cxb5 axb4 36. Bc4 Rc5 37. Bxe6 Rc1+ 38. Kg2 Rc2+ 39. Kf3 fxe6
40. Rxb4 Rxa2 41. b6+ Kb7 42. Re4 1-0

[Event "41st Guernsey International Open"]
[Site "Guernsey, GCI"]
[Date "2015.10.20"]
[Round "3"]
[White "Purdon, Colin"]
[Black "Mack, Wolfgang"]
[Result "1/2-1/2"]
[WhiteElo "2042"]
[BlackElo "2223"]
[PlyCount "78"]
[EventDate "2015.10.18"]
[EventType "swiss"]
[EventRounds "7"]

1. d4 d5 2. c4 dxc4 3. e4 e6 4. Bxc4 c5 5. d5 exd5 6. exd5 Nf6 7. Nf3 Bd6 8.
O-O O-O 9. Bg5 h6 10. Bh4 Bg4 11. Nc3 Nbd7 12. Ne4 Be5 13. Qb3 Bxf3 14. Qxf3
Qb6 15. Nxf6+ Nxf6 16. Rab1 Qd6 17. Bxf6 Bxf6 18. b3 Rfe8 19. Rfe1 Rab8 20. a4
a6 21. g3 g6 22. Re4 Kg7 23. Rbe1 Rxe4 24. Qxe4 b5 25. axb5 axb5 26. Bf1 Rb7
27. Qe8 b4 28. Bc4 Bd4 29. Re2 Ra7 30. Kg2 Qf6 31. Qe4 h5 32. h4 Rd7 33. Qf3
Qd8 34. Ra2 Rd6 35. Qe4 Rd7 36. Qf4 Qf6 37. Qxf6+ Kxf6 38. Ra6+ Ke7 39. Rc6 Rd6
1/2-1/2

[Event "41st Guernsey International Open"]
[Site "Guernsey, GCI"]
[Date "2015.10.20"]
[Round "3"]
[White "Dilleigh, Stephen P"]
[Black "Fassaert, Desire JM"]
[Result "1/2-1/2"]
[WhiteElo "2074"]
[BlackElo "1912"]
[PlyCount "38"]
[EventDate "2015.10.18"]
[EventType "swiss"]
[EventRounds "7"]

1. Nf3 Nf6 2. c4 e6 3. Nc3 c5 4. g3 b6 5. Bg2 Bb7 6. O-O Be7 7. d4 cxd4 8. Qxd4
O-O 9. Rd1 Nc6 10. Qf4 Qb8 11. Qxb8 Raxb8 12. Bf4 Rbc8 13. Bd6 Rfd8 14. Nb5 Ne8
15. Bxe7 Nxe7 16. Nxa7 Rxc4 17. Ne5 Ra4 18. Bxb7 Rxa7 19. Bf3 d5 1/2-1/2

[Event "41st Guernsey International Open"]
[Site "Guernsey, GCI"]
[Date "2015.10.20"]
[Round "3"]
[White "Broek, Thomas"]
[Black "Goris, Ton"]
[Result "1-0"]
[WhiteElo "2205"]
[BlackElo "1975"]
[PlyCount "61"]
[EventDate "2015.10.18"]
[EventType "swiss"]
[EventRounds "7"]

1. Nf3 e6 2. d4 Nf6 3. c4 c5 4. d5 exd5 5. cxd5 d6 6. Nc3 g6 7. e4 Bg7 8. Be2
O-O 9. O-O Bg4 10. Be3 a6 11. a4 Bxf3 12. Bxf3 Nbd7 13. a5 Re8 14. h3 Qc7 15.
Qd2 c4 16. Ra4 Ne5 17. Be2 Nfd7 18. f4 Nd3 19. Bxd3 cxd3 20. Qxd3 Nc5 21. Bxc5
Qxc5+ 22. Kh1 Rac8 23. e5 dxe5 24. f5 e4 25. Nxe4 Qc2 26. Qxc2 Rxc2 27. f6 Bf8
28. d6 Rxb2 29. Rc4 Rd8 30. Rd1 Re2 31. d7 1-0

[Event "41st Guernsey International Open"]
[Site "Guernsey, GCI"]
[Date "2015.10.20"]
[Round "3"]
[White "Salimbeni, George PW"]
[Black "Burton, Ronnie"]
[Result "1-0"]
[WhiteElo "2142"]
[BlackElo "1972"]
[PlyCount "59"]
[EventDate "2015.10.18"]
[EventType "swiss"]
[EventRounds "7"]

1. d4 d6 2. e4 Nf6 3. Nc3 Nbd7 4. Be3 e5 5. Bc4 Be7 6. Nf3 h6 7. h3 c6 8. a4
Qc7 9. O-O Nf8 10. Qe2 g5 11. Bb3 Rg8 12. Qc4 Ne6 13. Rfe1 a6 14. dxe5 dxe5 15.
a5 Nd7 16. Na4 Rg7 17. Qc3 Nef8 18. Nb6 Rb8 19. Rad1 Rg6 20. Nxd7 Nxd7 21. Bb6
Nxb6 22. axb6 Qxb6 23. Bxf7+ Kxf7 24. Nxe5+ Kg7 25. Nxg6+ Kxg6 26. Qe5 Bc5 27.
Rd6+ Kf7 28. Rf6+ Kg8 29. Qe8+ Kg7 30. Qf7+ 1-0

[Event "41st Guernsey International Open"]
[Site "Guernsey, GCI"]
[Date "2015.10.20"]
[Round "3"]
[White "Magnussen, Pal"]
[Black "Abbas, Daniel"]
[Result "0-1"]
[WhiteElo "1987"]
[BlackElo "2168"]
[PlyCount "62"]
[EventDate "2015.10.18"]
[EventType "swiss"]
[EventRounds "7"]

1. e4 c5 2. Nf3 e6 3. d3 Nc6 4. g3 g6 5. Bg2 Bg7 6. Nc3 Nge7 7. Bf4 e5 8. Bg5
f6 9. Be3 d6 10. Qd2 Be6 11. a3 Qd7 12. Bh6 O-O 13. h4 Bxh6 14. Qxh6 Nd4 15.
Nxd4 cxd4 16. Nd5 Nxd5 17. exd5 Bf7 18. h5 b5 19. hxg6 Bxg6 20. Bh3 f5 21. Qd2
Rac8 22. O-O-O a5 23. Qxa5 Ra8 24. Qd2 Rfb8 25. Qg5 b4 26. f4 b3 27. g4 bxc2
28. Rdg1 Qb5 29. b4 Qxd3 30. Qe7 Qxa3+ 31. Kxc2 Qc3+ 0-1

[Event "41st Guernsey International Open"]
[Site "Guernsey, GCI"]
[Date "2015.10.20"]
[Round "3"]
[White "Kirby, Peter J"]
[Black "Norman, Kenneth I"]
[Result "1/2-1/2"]
[WhiteElo "1977"]
[BlackElo "2124"]
[PlyCount "42"]
[EventDate "2015.10.18"]
[EventType "swiss"]
[EventRounds "7"]

1. e4 e5 2. Nf3 Nc6 3. Nc3 g6 4. d4 exd4 5. Nd5 Bg7 6. Bg5 Nce7 7. Nxd4 c6 8.
Nxe7 Nxe7 9. Qd2 h6 10. Bh4 g5 11. Bg3 d5 12. exd5 Qxd5 13. c3 O-O 14. Nb3
Qxd2+ 15. Nxd2 Nf5 16. O-O-O Nxg3 17. hxg3 Be6 18. Bc4 Bf5 19. Rhe1 Rfe8 20.
Nf3 Kf8 21. Rxe8+ Rxe8 1/2-1/2

[Event "41st Guernsey International Open"]
[Site "Guernsey, GCI"]
[Date "2015.10.20"]
[Round "3"]
[White "Curtis, John E"]
[Black "Morcom, Huw"]
[Result "1-0"]
[WhiteElo "2101"]
[BlackElo "1966"]
[PlyCount "101"]
[EventDate "2015.10.18"]
[EventType "swiss"]
[EventRounds "7"]

1. d4 g6 2. e4 Bg7 3. Nc3 c5 4. d5 d6 5. Nf3 a6 6. a4 b6 7. Be2 Nd7 8. O-O Ngf6
9. Bf4 O-O 10. Qd2 Re8 11. h3 Nh5 12. Bh6 Nf8 13. Nh2 Nf6 14. Bxg7 Kxg7 15. f4
Qc7 16. Rad1 Bd7 17. f5 b5 18. axb5 axb5 19. Nxb5 Qb6 20. Nc3 Qxb2 21. Rb1 Qa3
22. Ng4 Nxg4 23. Bxg4 f6 24. e5 dxe5 25. Rf3 Qa7 26. Rg3 c4+ 27. Kh2 Qd4 28.
Qe1 g5 29. Rd1 Qb6 30. h4 h6 31. hxg5 hxg5 32. Ne4 Nh7 33. d6 e6 34. fxe6 Rxe6
35. Bxe6 Bxe6 36. Qe3 Qxe3 37. Rxe3 Nf8 38. Nc5 Bd7 39. Kg3 Rc8 40. Nxd7 Nxd7
41. Ra1 Kf7 42. Ra7 Ke6 43. Rc7 Rxc7 44. dxc7 Nb6 45. Kg4 Kd7 46. Kf5 Kxc7 47.
Re4 Nd5 48. Rxc4+ Kd6 49. Ra4 Ne3+ 50. Kxf6 Nxc2 51. Ra6+ 1-0

[Event "41st Guernsey International Open"]
[Site "Guernsey, GCI"]
[Date "2015.10.20"]
[Round "3"]
[White "Maloberti, David"]
[Black "Reijneveld, Ad"]
[Result "0-1"]
[WhiteElo "1975"]
[BlackElo "2095"]
[PlyCount "116"]
[EventDate "2015.10.18"]
[EventType "swiss"]
[EventRounds "7"]

1. d4 Nf6 2. c4 Nc6 3. Nf3 d6 4. h3 e5 5. d5 Ne7 6. Nc3 Ng6 7. e3 Be7 8. Bd3
Nd7 9. Bf5 Nh4 10. Bc2 Nxg2+ 11. Ke2 Nh4 12. Nxh4 Bxh4 13. Qg1 g6 14. Bd2 f5
15. e4 f4 16. f3 Nf6 17. Kd3 c6 18. Be1 Bxe1 19. Qxe1 cxd5 20. cxd5 Qb6 21. Qg1
Qxg1 22. Raxg1 Bd7 23. h4 Rc8 24. a4 Ke7 25. Ra1 b6 26. Bb3 Rc7 27. Bc4 Ra8 28.
Ba6 Bc8 29. Bb5 a6 30. Bc6 Bb7 31. Bxb7 Rxb7 32. Ra3 Rc8 33. Rb3 Nd7 34. Kd2
Rbc7 35. Rg1 Kf6 36. Rb4 h6 37. Rh1 Rh8 38. Ke2 Rcc8 39. Rg1 g5 40. h5 Ke7 41.
Kd2 Rc5 42. Ke2 Rhc8 43. Ra1 Kd8 44. Kd3 Kc7 45. b3 Kb7 46. Rc4 Rg8 47. Rg1 Nf6
48. Rxc5 bxc5 49. Rb1 g4 50. fxg4 Rxg4 51. b4 Rg3+ 52. Kc4 cxb4 53. Kxb4 Ka7
54. Rc1 f3 55. Nd1 Nxe4 56. Rc7+ Kb6 57. Rf7 a5+ 58. Kc4 f2 0-1

[Event "41st Guernsey International Open"]
[Site "Guernsey, GCI"]
[Date "2015.10.20"]
[Round "3"]
[White "Heppell, Ian N"]
[Black "Kershaw, Graham J"]
[Result "1-0"]
[WhiteElo "2089"]
[BlackElo "1900"]
[PlyCount "35"]
[EventDate "2015.10.18"]
[EventType "swiss"]
[EventRounds "7"]

1. e4 e6 2. d4 d5 3. Nc3 Bb4 4. Bd3 Ne7 5. Nf3 c5 6. exd5 Nxd5 7. Bd2 Nxc3 8.
bxc3 Ba5 9. O-O Nc6 10. Re1 Bc7 11. Bg5 Ne7 12. Qe2 a6 13. Rad1 cxd4 14. cxd4
Ba5 15. Rf1 Bc3 16. Be4 Qd6 17. Qc4 Ba5 18. Qa4+ 1-0

[Event "41st Guernsey International Open"]
[Site "Guernsey, GCI"]
[Date "2015.10.20"]
[Round "3"]
[White "Rosen, Daniel B"]
[Black "Von Saldern, Ruediger"]
[Result "1-0"]
[WhiteElo "2063"]
[BlackElo "1950"]
[PlyCount "103"]
[EventDate "2015.10.18"]
[EventType "swiss"]
[EventRounds "7"]

1. e4 e5 2. Nf3 Nc6 3. Bb5 a6 4. Ba4 Nf6 5. O-O Be7 6. c3 b5 7. Bc2 O-O 8. Qe2
d6 9. h3 Bd7 10. d3 h6 11. Nbd2 Re8 12. Rd1 Bf8 13. Nf1 Ne7 14. Nh4 c5 15. Qf3
Ng6 16. Nxg6 fxg6 17. Bb3+ Be6 18. Bxe6+ Rxe6 19. Ne3 Qe8 20. b3 Rb8 21. Bd2
Re7 22. g3 Rf7 23. Qg2 Kh7 24. Kh2 Be7 25. Rg1 Qd7 26. Raf1 Rbf8 27. f4 Nh5 28.
Nd5 Nf6 29. c4 Nxd5 30. cxd5 Bf6 31. f5 g5 32. Qe2 Qe8 33. h4 Rh8 34. Kg2 gxh4
35. gxh4 Bxh4 36. Qh5 Bf6 37. Kf3 Re7 38. Rg6 Kg8 39. Rfg1 Bg5 40. Bxg5 hxg5
41. Qxg5 Rh7 42. Ke3 Qd7 43. Rg3 c4 44. Re6 Qa7+ 45. Kf3 Qd4 46. Rxe7 Qxd3+ 47.
Qe3 Qf1+ 48. Kg4 Qh1 49. Rh3 Qg2+ 50. Qg3 Qxe4+ 51. Kg5 g6 52. Kxg6 1-0

[Event "41st Guernsey International Open"]
[Site "Guernsey, GCI"]
[Date "2015.10.20"]
[Round "3"]
[White "Canonne, Antoine"]
[Black "Taylor, Mark V"]
[Result "1/2-1/2"]
[WhiteElo "1967"]
[BlackElo "2053"]
[PlyCount "47"]
[EventDate "2015.10.18"]
[EventType "swiss"]
[EventRounds "7"]

1. e4 e6 2. d4 b6 3. Nc3 Bb7 4. Bd3 Nf6 5. Qe2 d6 6. Nf3 Nbd7 7. Bd2 Be7 8. h3
c5 9. O-O a6 10. a4 cxd4 11. Nxd4 Qc7 12. Rfe1 O-O 13. Bg5 Rfe8 14. Bh4 g6 15.
Nf3 Nc5 16. Qd2 Nxd3 17. cxd3 Qd8 18. Bg5 Rc8 19. Rec1 e5 20. Ne2 Nh5 21. Rxc8
Bxc8 22. Bxe7 Rxe7 23. Rc1 Rc7 24. d4 1/2-1/2

[Event "41st Guernsey International Open"]
[Site "Guernsey, GCI"]
[Date "2015.10.20"]
[Round "3"]
[White "Fruteau, Sabine"]
[Black "Phillips, Owen S"]
[Result "1/2-1/2"]
[WhiteElo "2037"]
[BlackElo "1947"]
[PlyCount "91"]
[EventDate "2015.10.18"]
[EventType "swiss"]
[EventRounds "7"]

1. e4 e6 2. d4 d5 3. Nc3 Bb4 4. Qd3 Ne7 5. Bd2 Bxc3 6. bxc3 b6 7. Qg3 O-O 8.
Bd3 Bb7 9. exd5 Nf5 10. Qh3 Bxd5 11. Nf3 Bxf3 12. Qxf3 Nd7 13. O-O Nh4 14.
Bxh7+ Kxh7 15. Qh5+ Kg8 16. Bg5 Nf3+ 17. gxf3 f6 18. Be3 Qe8 19. Qxe8 Raxe8 20.
c4 e5 21. c3 f5 22. Bg5 f4 23. Rae1 Rf5 24. h4 Nf8 25. Kh2 Kf7 26. Kh3 Ne6 27.
Kg4 g6 28. dxe5 Nxg5 29. hxg5 Rexe5 30. Rxe5 Rxe5 31. Rh1 Rc5 32. Kxf4 Rxc4+
33. Ke5 Rc5+ 34. Kd4 Ke6 35. Rh7 Kf5 36. a4 Kxg5 37. Rf7 Ra5 38. Rxc7 Rxa4+ 39.
Ke3 Ra3 40. Ke4 Ra4+ 41. Ke3 Ra5 42. Ke4 Rc5 43. f4+ Kg4 44. f3+ Kg3 45. Rxa7
Rc4+ 46. Ke5 1/2-1/2

[Event "41st Guernsey International Open"]
[Site "Guernsey, GCI"]
[Date "2015.10.20"]
[Round "3"]
[White "Hickman, John E"]
[Black "Collier, David O"]
[Result "1/2-1/2"]
[WhiteElo "1924"]
[BlackElo "2037"]
[PlyCount "29"]
[EventDate "2015.10.18"]
[EventType "swiss"]
[EventRounds "7"]

1. e4 c5 2. Nf3 e6 3. d3 Nc6 4. g3 Nge7 5. Bg2 g6 6. O-O Bg7 7. Re1 d5 8. e5
O-O 9. Bf4 h6 10. h4 Kh7 11. Nbd2 b5 12. Nf1 a5 13. N1h2 Ra7 14. Ng4 Ng8 15.
Qd2 1/2-1/2

[Event "41st Guernsey International Open"]
[Site "Guernsey, GCI"]
[Date "2015.10.20"]
[Round "3"]
[White "Wager, John D"]
[Black "Brookfield, Toby"]
[Result "1-0"]
[WhiteElo "2029"]
[BlackElo "1897"]
[PlyCount "81"]
[EventDate "2015.10.18"]
[EventType "swiss"]
[EventRounds "7"]

1. d4 e6 2. Nf3 f5 3. c4 Nf6 4. Nc3 Bb4 5. a3 Bxc3+ 6. bxc3 b6 7. e3 Bb7 8. Be2
O-O 9. O-O Ne4 10. Qb3 Qe8 11. Ne1 d6 12. a4 Nd7 13. f3 Nef6 14. a5 Kh8 15. a6
Bc8 16. Nd3 e5 17. Nf2 Nh5 18. Ba3 Bxa6 19. Bxd6 Bxc4 20. Bxc4 cxd6 21. Bd5 Rc8
22. Rxa7 Qd8 23. Be6 Rc7 24. Rfa1 f4 25. e4 Nhf6 26. Nd3 g5 27. Nb4 g4 28. Rxc7
Qxc7 29. fxg4 Nxe4 30. Nd5 Ndc5 31. Qc2 Qc6 32. Nb4 Qb5 33. Bf5 exd4 34. Bxe4
d5 35. Bxd5 d3 36. Qf2 Qd7 37. Qd4+ Qg7 38. Qxg7+ Kxg7 39. Rd1 Rd8 40. c4 b5
41. cxb5 1-0

[Event "41st Guernsey International Open"]
[Site "Guernsey, GCI"]
[Date "2015.10.20"]
[Round "3"]
[White "Havenaar, Jan"]
[Black "Murray, J Stephen"]
[Result "1-0"]
[WhiteElo "2016"]
[BlackElo "1814"]
[PlyCount "49"]
[EventDate "2015.10.18"]
[EventType "swiss"]
[EventRounds "7"]

1. Nc3 c5 2. f4 d6 3. Nf3 g6 4. e4 Nc6 5. Bc4 Bg7 6. O-O e6 7. d3 Nge7 8. f5
exf5 9. Qe1 Ne5 10. Nxe5 Bxe5 11. Qh4 Nc6 12. Bg5 f6 13. Bh6 Bxc3 14. bxc3 Qe7
15. exf5 g5 16. Qh5+ Kd8 17. Rae1 Ne5 18. d4 cxd4 19. cxd4 Bxf5 20. dxe5 dxe5
21. Qe2 Be6 22. Bxe6 Qxe6 23. Bg7 Qb6+ 24. Kh1 Re8 25. Bxf6+ 1-0

[Event "41st Guernsey International Open"]
[Site "Guernsey, GCI"]
[Date "2015.10.20"]
[Round "3"]
[White "Kirkwood, Robin"]
[Black "Pickersgill, Adrian O"]
[Result "1/2-1/2"]
[WhiteElo "1911"]
[BlackElo "2016"]
[PlyCount "80"]
[EventDate "2015.10.18"]
[EventType "swiss"]
[EventRounds "7"]

1. b3 e5 2. Bb2 d6 3. e3 f5 4. g3 Nf6 5. Bg2 c6 6. d3 Be7 7. Nd2 O-O 8. Ne2 Qe8
9. c4 Nbd7 10. d4 Bd8 11. O-O Bc7 12. Qc2 e4 13. d5 c5 14. Nf4 Ne5 15. f3 exf3
16. Bxf3 Nfg4 17. Bxg4 Nxg4 18. Rae1 g5 19. Qc3 Ne5 20. Ng2 Bd8 21. e4 Qh5 22.
Nf3 Bf6 23. Nxe5 Bxe5 24. Qc2 f4 25. gxf4 gxf4 26. Bxe5 dxe5 27. Qf2 Bh3 28.
Kh1 f3 29. Ne3 Bxf1 30. Rxf1 Kh8 31. Nf5 Rxf5 32. exf5 e4 33. Qxc5 Qxf5 34.
Qd4+ Kg8 35. Rg1+ Kf8 36. Qc5+ Kf7 37. Qc7+ Kf8 38. Qd6+ Kf7 39. Qc7+ Kf8 40.
Qd6+ Kf7 1/2-1/2